Reethayude padangal/ (Record no. 181585)

000 -LEADER
fixed length control field 00484nam a2200193 4500
020 ## - INTERNATIONAL STANDARD BOOK NUMBER
ISBN 9788197116360
082 ## - DEWEY DECIMAL CLASSIFICATION NUMBER
Classification number M803
Item number BRI/R
100 ## - MAIN ENTRY--AUTHOR NAME
Personal name Brinda Karat
245 ## - TITLE STATEMENT
Title Reethayude padangal/
Statement of responsibility, etc by Brinda Karat
250 ## - EDITION STATEMENT
Edition statement 2
260 ## - PUBLICATION, DISTRIBUTION, ETC. (IMPRINT)
Place of publication Thiruvananthapuram:
Name of publisher Chintha,
Year of publication 2025.
300 ## - PHYSICAL DESCRIPTION
Number of Pages 232p.
650 ## - SUBJECT ADDED ENTRY--TOPICAL TERM
Topical Term Memoirs Brinda Karat
650 ## - SUBJECT ADDED ENTRY--TOPICAL TERM
Topical Term Memoirs Malayalam
650 ## - SUBJECT ADDED ENTRY--TOPICAL TERM
Topical Term Literature Malayalam
650 ## - SUBJECT ADDED ENTRY--TOPICAL TERM
Topical Term Literature
700 ## - ADDED ENTRY--PERSONAL NAME
Personal name Parvathi Devi R (tr.)
942 ## - ADDED ENTRY ELEMENTS (KOHA)
Koha item type Book
Holdings
Withdrawn status Lost status Damaged status Not for loan Permanent Location Current Location Shelving location Date acquired Cost, normal purchase price Full call number Accession Number Price effective from Koha item type
        Sree Sankaracharya University of Sanskrit Sree Sankaracharya University of Sanskrit Reference 18.05.2026 300.00 M803 BRI/R 108581 18.05.2026 Book